What's it like to be a fish? (Record no. 124595)
[ view plain ]
| 000 -LÍDER | |
|---|---|
| campo de controle de tamanho fixo | 01127 a2200241 4500 |
| 001 - NÚMERO DE CONTROLE | |
| campo de controle | 124595 |
| 020 ## - ISBN - INTERNATIONAL STANDARD BOOK NUMBER | |
| ISBN - International Standard Book Number | 9780062381996 |
| 040 ## - FONTE DA CATALOGAÇÃO | |
| Instituição que transcreveu o registro | Escola Canadense de Niteroi |
| 090 ## - NÚMERO DE CHAMADA LOCAL | |
| Número de chamada (OCLC) (R); Número de chamada, CALL (RLIN) (NR) | W3 - PFE |
| 100 ## - ENTRADA PRINCIPAL--NOME PESSOAL | |
| Nome pessoal | Pfeffer, Wendy |
| 245 10 - TÍTULO | |
| Título | What's it like to be a fish? |
| 260 ## - PUBLICAÇÃO, DISTRIBUIÇÃO, ETC. | |
| Local de publicação, distribuição, etc. | New York |
| 300 ## - DESCRIÇÃO FÍSICA | |
| Extensão | 32 p. |
| Dimensões | 9 x 0.3 x 7.8 inches |
| 362 0# - DATAS DE PUBLICAÇÃO E/OU DESIGNAÇÃO SEQUENCIAL | |
| Datas de publicação e/ou designação sequencial | 2015 |
| 490 0# - TÍTULO DA SÉRIE | |
| Título da série | Let's-read-and-find-out science |
| 520 ## - NOTA DE RESUMO, ETC | |
| Resumo, etc. | You can't breathe underwater, but a fish can. You can't eat underwater, but a fish does it every day. Named a Best Children's Science Book of the Year by Science Books & Films, this Level 1 Let's-Read-and-Find-Out picture book explains how a fish's body is perfectly designed for life in water. Now rebranded with a new cover look, this classic picture book features graceful text that invites young readers to imagine what it's like to have gills, fins, and scales. Simple, fun diagrams help explain concepts like how fish use their gills to breathe underwater. |
| 650 #4 - ASSUNTO--TERMO TÓPICO | |
| Cabeçalho tópico ou nome geográfico | Oceans and Seas |
| 650 #4 - ASSUNTO--TERMO TÓPICO | |
| Cabeçalho tópico ou nome geográfico | Fish |
| 650 #4 - ASSUNTO--TERMO TÓPICO | |
| Cabeçalho tópico ou nome geográfico | Marine animals |
| 650 #4 - ASSUNTO--TERMO TÓPICO | |
| Cabeçalho tópico ou nome geográfico | Non-Fiction |
| 650 #4 - ASSUNTO--TERMO TÓPICO | |
| Cabeçalho tópico ou nome geográfico | Ocean life |
| 942 ## - ELEMENTOS DE ENTRADA ADICIONADOS (KOHA) | |
| Tipo de material Koha | Livros |
| Situação do descarte | Situação das perdas | Situação física | Não pode ser emprestado | Biblioteca de origem | Biblioteca atual | Data de aquisição | Total de empréstimos | Número de chamada completo | Código de barras | Data de último acesso | Data do preço efetivo | Tipo de material Koha |
|---|---|---|---|---|---|---|---|---|---|---|---|---|
| Canadian School of Niterói - Piratininga | Canadian School of Niterói - Piratininga | 09/02/2024 | W3 - PFE | A10801 | 09/02/2024 | 09/02/2024 | Livros |